[Event "5th Costa Catalana"]
[Site "Malgrat del Mar ESP"]
[Date "1977.10.18"]
[Round "9"]
[White "Romanishin, Oleg"]
[Black "Pinter, Jozsef"]
[Result "1-0"]
[WhiteElo "2595"]
[BlackElo "2445"]
[EventDate "1977.10.09"]
[PlyCount "47"]

1.Nf3 Nf6 2.c4 c5 3.g3 d5 4.cxd5 Nxd5 5.Nc3 Nc6 6.Bg2 Nc7 7.Qa4 Bd7 8.Qe4 
g6 9.Ne5 Bg7 10.Nxd7 Qxd7 11.O-O O-O 12.a3 Rac8 13.Rb1 Ne6 14.b4 b6 15.Nd5
f5 16.Qc4 Ne5 17.Qa2 c4 18.Bb2 f4 19.Bxe5 Bxe5 20.d3 c3 21.gxf4 Bxf4 22.
Bh3 Rc6 23.Nxc3 Kg7 24.Ne4 1-0

[Event "5th Costa Catalana"]
[Site "Malgrat del Mar ESP"]
[Date "1977.10.18"]
[Round "9"]
[White "Rodriguez Vargas, Orestes"]
[Black "Castro Rojas, Oscar Humberto"]
[Result "1/2-1/2"]
[WhiteElo "2450"]
[BlackElo "2410"]
[EventDate "1977.10.09"]
[PlyCount "24"]

1.e4 Nc6 2.Nf3 e5 3.Bb5 a6 4.Bxc6 dxc6 5.O-O f6 6.d4 exd4 7.Qxd4 Qxd4 8.
Nxd4 Bd7 9.Be3 c5 10.Nb3 b6 11.a4 Be6 12.N1d2 Ne7 1/2-1/2

[Event "5th Costa Catalana"]
[Site "Malgrat del Mar ESP"]
[Date "1977.10.18"]
[Round "9"]
[White "Ogaard, Leif"]
[Black "Kurajica, Bojan"]
[Result "1/2-1/2"]
[WhiteElo "2420"]
[BlackElo "2530"]
[EventDate "1977.10.09"]
[PlyCount "24"]

1.d4 d5 2.c4 e6 3.Nc3 Be7 4.Nf3 Nf6 5.Bg5 h6 6.Bh4 O-O 7.e3 b6 8.Be2 Nbd7 
9.O-O Bb7 10.cxd5 Nxd5 11.Bxe7 Qxe7 12.Rc1 c5 1/2-1/2

[Event "5th Costa Catalana"]
[Site "Malgrat del Mar ESP"]
[Date "1977.10.18"]
[Round "9"]
[White "Marovic, Drazen"]
[Black "Martin Gonzalez, Angel"]
[Result "1/2-1/2"]
[WhiteElo "2475"]
[BlackElo "2340"]
[EventDate "1977.10.09"]
[PlyCount "26"]

1.d4 Nf6 2.c4 g6 3.g3 Bg7 4.Bg2 O-O 5.Nc3 d6 6.Nf3 Nbd7 7.O-O e5 8.e4 Re8 
9.h3 c6 10.Be3 exd4 11.Nxd4 Nc5 12.Qc2 Qe7 13.Rfe1 Bd7 1/2-1/2